| 000 | 00725 a2200145 4500 | ||
|---|---|---|---|
| 082 | _aBICSE-5 | ||
| 100 |
_aUmair Shahid Aziz, Fareeha Choudhry, Sundus Abrar _993397 |
||
| 245 |
_aDesign and implementation of an embedded telemedicine system for remote health monitoring using GPRS [Project BICSE-5] _cUmair Shahid Aziz, Fareeha Choudhry, Sundus Abrar _hEnglish |
||
| 260 |
_aIslamabad _bNUST School of Electrical Engineering and Computer Science _c2011. |
||
| 300 |
_a78p. _b;ill. _c:27cm. + _eCD-ROM |
||
| 500 | _aSupervisors: Abdullah Mansoor, Osman Hassan | ||
| 700 |
_aUmair Shahid Aziz, Fareeha Choudhry, Sundus Abrar _993397 |
||
| 856 | _uhttp://10.250.8.41:8080/xmlui/handle/123456789/29702 | ||
| 942 |
_cPR _kBICSE-5 UMA _2ddc |
||
| 999 |
_c10635 _d10635 |
||